Christmas Multiple Choice - Statistics

General Stats
  • This quiz has been taken 5,144 times
  • The average score is 10 of 15
Answer Stats
Question Answer % Correct
What color is the Grinch? Green
96%
What kind of Christmas is Bing Crosby dreaming of? White
89%
What kind of nuts are typically roasting on an open fire? Chestnuts
88%
What is Scrooge's first name? Ebenezer
87%
Which of these is not one of Santa's reindeers? Gonner
87%
Which of the following is a famous Christmas Ballet? The Nutcracker
87%
Which of these is not an alternative name for Santa Claus? Mister Merry
84%
In what continent did the Christmas tree originate? Europe
77%
In what century was "A Christmas Carol", by Charles Dickens, published? 1800s
70%
Which of these is not a way of saying Merry Christmas? Fröhlicher Schneetag
66%
Which country did the proceeds from Bob Geldof's original "Do They Know It's Christmas?" in 1984 go to? Ethiopia
64%
What is Frosty the Snowman's nose made of? (According to the song) A Button
44%
In the song, "The Twelve Days of Christmas" how many gifts are sent? 364
39%
Which of these actors has not played Santa Claus in a movie? Michael Gambon
23%
In what decade was the song "Santa Claus Is Comin' to Town" first released? 1930s
22%
No matching quizzes found
Score Distribution
Percent of People with Each Score
Percentile by Number Answered
Your Score History
You have not taken this quiz